Sampling Rates - Statistics

General Stats
  • This quiz has been taken 2 times
  • The average score is 6 of 7
Answer Stats
Hint Answer % Correct
CD 44 kHz
100%
Digital TV 48 kHz
100%
DVD Movies 48 kHz
100%
Telephone 8 kHz
100%
DVD Audio 96 kHz
100%
LPCM 192 kHz
50%
Radio 22 kHZ
0%
No matching quizzes found
Score Distribution
Percent of People with Each Score
Percentile by Number Answered
Your Score History
You have not taken this quiz